Southville International School and Colleges
Your cart is empty.
  • Cart
  • Lists
    Public lists Eva Luna New books Lux_list list_1
    Your lists Log in to create your own lists
  • Log in to your account
  • Your cookies
  • Search history
Southville International School and Colleges
  • Advanced search
  • Recent comments
  • Most popular
  • Libraries

Log in to your account

Log in with GOOGLE


If you do not have an external account, but do have a local account, you can still log in:

  1. Home
  2. MARC view: Melrose and Croc : a hero's birthday
Normal view MARC view ISBD view

Melrose and Croc : a hero's birthday (Record no. 364571)

[ view plain ]
MARC details
000 -LEADER
fixed length control field 00488nam a2200169Ia 4500
003 - CONTROL NUMBER IDENTIFIER
control field 0
005 - DATE AND TIME OF LATEST TRANSACTION
control field 20230802102626.0
008 - FIXED-LENGTH DATA ELEMENTS--GENERAL INFORMATION
fixed length control field 201002s9999 xx 000 0 und d
020 ## - INTERNATIONAL STANDARD BOOK NUMBER
International Standard Book Number 978-0-00-725866-6
050 ## - LIBRARY OF CONGRESS CALL NUMBER
Classification number PZ 7
Item number .C54 2008
100 ## - MAIN ENTRY--PERSONAL NAME
Personal name Clark, Emma Chichester
245 ## - TITLE STATEMENT
Statement of responsibility, etc Emma Chichester Clark
Title Melrose and Croc : a hero's birthday
260 ## - PUBLICATION, DISTRIBUTION, ETC. (IMPRINT)
Place of publication, distribution, etc London :
Name of publisher, distributor, etc Harper Collins Publishers
Date of publication, distribution, etc 2008
300 ## - PHYSICAL DESCRIPTION
Extent 32 pages
Dimensions 26 cm.
500 ## - GENERAL NOTE
General note Children's stories.
942 ## - ADDED ENTRY ELEMENTS (KOHA)
Source of classification or shelving scheme Library of Congress Classification
Koha item type Books
Holdings
Withdrawn status Lost status Source of classification or shelving scheme Damaged status Home library Current library Shelving location Date acquired Source of acquisition Total Checkouts Full call number Barcode Date last seen Price effective from Koha item type
    Library of Congress Classification   Luxembourg Library Luxembourg Library Grade School Section 10/02/2020 Library Fund   PZ 7 .C54 2008 20942 10/02/2020 10/02/2020 Books

Melrose and Croc : a hero's birthday

APA

Clark E. C., . (2008). Melrose and Croc : a hero's birthday. London: Harper Collins Publishers.

Chicago

Clark Emma Chichester, . 2008. Melrose and Croc : a hero's birthday. London: Harper Collins Publishers.

Harvard

Clark E. C., . (2008). Melrose and Croc : a hero's birthday. London: Harper Collins Publishers.

MLA

Clark Emma Chichester, . Melrose and Croc : a hero's birthday. London: Harper Collins Publishers. 2008.

  • Place hold
  • Print
  • Cite
  • Add to your cart (remove)
  • Save record
    BIBTEX Dublin Core MARCXML MARC (non-Unicode/MARC-8) MARC (Unicode/UTF-8) MARC (Unicode/UTF-8, Standard) MODS (XML) RIS
  • More searches
    Search for this title in:
    Other Libraries (WorldCat) Other Databases (Google Scholar) Online Stores (Bookfinder.com) Open Library (openlibrary.org)

Exporting to Dublin Core...

SOUTHVILLE LIBRARY

Southville International School and Colleges Library

1281 Tropical Ave. Cor. Luxembourg St., BF Homes International, Las Pinas City

Tel. No. 8256374 / 252358 Loc. 117/146

Powered by Koha